000 00561nam a22001937a 4500
005 20141030165038.0
010 _aENG-111095
020 _c220.00
_a9788123771090
020 _c220.00
_a8123771096
035 _aEN-94627
037 _bDBAD/PUB
082 _aN
100 _aSant Singh Sekhon
245 _aBlood and soil /
_cby Sant Singh Sekhon
260 _aNew Delhi
_bNational Book Trust
_c2014
270 _bNew Delhi
_e110070
_aNehru Bhawan, 5, Institutional Area, Phase-II, Vasant Kunj
300 _axxi,282p.
_c21cm(pbk)
942 _2ddc
_cEN
_mSAN
_hN
999 _c89742
_d89742